<?xml version="1.0" encoding="UTF-8"?><?xml-stylesheet type="text/xsl" href="static/style.xsl"?><OAI-PMH xmlns="http://www.openarchives.org/OAI/2.0/" xmlns:xsi="http://www.w3.org/2001/XMLSchema-instance" xsi:schemaLocation="http://www.openarchives.org/OAI/2.0/ http://www.openarchives.org/OAI/2.0/OAI-PMH.xsd"><responseDate>2026-06-03T04:54:57Z</responseDate><request verb="GetRecord" identifier="oai:riuma.uma.es:10630/35962" metadataPrefix="marc">https://riuma.uma.es/rest/oai/request</request><GetRecord><record><header><identifier>oai:riuma.uma.es:10630/35962</identifier><datestamp>2026-03-12T10:53:04Z</datestamp><setSpec>com_10630_2254</setSpec><setSpec>col_10630_37956</setSpec></header><metadata><record xmlns="http://www.loc.gov/MARC21/slim" xmlns:dcterms="http://purl.org/dc/terms/" xmlns:doc="http://www.lyncode.com/xoai" xmlns:xsi="http://www.w3.org/2001/XMLSchema-instance" xsi:schemaLocation="http://www.loc.gov/MARC21/slim http://www.loc.gov/standards/marcxml/schema/MARC21slim.xsd">
   <leader>00925njm 22002777a 4500</leader>
   <datafield ind2=" " ind1=" " tag="042">
      <subfield code="a">dc</subfield>
   </datafield>
   <datafield ind2=" " ind1=" " tag="720">
      <subfield code="a">Chacón Mohedano, Cristina</subfield>
      <subfield code="e">author</subfield>
   </datafield>
   <datafield ind2=" " ind1=" " tag="720">
      <subfield code="a">Arancibia Román, Ana</subfield>
      <subfield code="e">author</subfield>
   </datafield>
   <datafield ind2=" " ind1=" " tag="720">
      <subfield code="a">Sáez Romero, Antonio</subfield>
      <subfield code="e">author</subfield>
   </datafield>
   <datafield ind2=" " ind1=" " tag="720">
      <subfield code="a">Mora-Serrano, Bartolomé</subfield>
      <subfield code="e">author</subfield>
   </datafield>
   <datafield ind2=" " ind1=" " tag="260">
      <subfield code="c">2022</subfield>
   </datafield>
   <datafield ind2=" " ind1=" " tag="520">
      <subfield code="a">This article focuses on the examination of the architectural remains and pottery discovered by&#xd;
salvage excavations in the eastern area of present day Málaga. The site (Juan XXIII St.) revealed&#xd;
a Punic phase (sixth to third century BCE) with no remains of structures; also, it uncovered&#xd;
some buildings and evidence of pottery production dating from the second century BCE to&#xd;
the Roman Imperial period. The production of amphorae, found in massive quantities, was&#xd;
the main activity throughout the consecutive stages. This paper provides an overview of the&#xd;
successive and overlapping phases, characterised by simple buildings and deposits (pits filled&#xd;
with potters’ debris), in addition to a preliminary examination of the production of amphorae&#xd;
and red slip tablewares during the second to first century BCE. This new data allows for some&#xd;
initial hypotheses about the local land planning and its evolution during pre-Augustan times,&#xd;
in addition to the role that the Juan XXIII workshop played in the maritime oriented economy&#xd;
of Malaka and the Strait of Gibraltar region.</subfield>
   </datafield>
   <datafield ind1="8" ind2=" " tag="024">
      <subfield code="a">C. Chacón Mohedano, A. Arancibia Román, A. Sáez Romero y B. Mora Serrano, 2022, Amphora production in Punic and Late Punic Malaka (Málaga, Spain). New evi- dence from the Carranque – Juan XXIII area, Docter R.F., Gubel E., Martinez Hahnmüller V., Perugini A. (eds.), Amphorae in the Phoenician-Punic World: The State of the Art, Ancient Near Eastern Studies Supplement Series, 62, Peeters, pp. 365-384.</subfield>
   </datafield>
   <datafield ind1="8" ind2=" " tag="024">
      <subfield code="a">978-90-429-4908-9</subfield>
   </datafield>
   <datafield ind1="8" ind2=" " tag="024">
      <subfield code="a">https://hdl.handle.net/10630/35962</subfield>
   </datafield>
   <datafield tag="653" ind2=" " ind1=" ">
      <subfield code="a">Restos arqueológicos púnicos - Málaga</subfield>
   </datafield>
   <datafield ind2="0" ind1="0" tag="245">
      <subfield code="a">Amphora production in Punic and Late Punic Malaka (Málaga, Spain). New evi- dence from the Carranque – Juan XXIII area</subfield>
   </datafield>
</record>
</metadata></record></GetRecord></OAI-PMH>